000 00999nam a22002417a 4500
003 OSt
005 20260216160236.0
008 260216b |||||||| |||| 00| 0 eng d
040 _c0
082 _aDPer 796.07 J826 January-October 2023 v. 42 n. 1-4
100 _aLiu, Hairui
_e author.
_969775
245 _aThe Impact of Sport Education on Physical Education Majors' Basketball Content Knowledge and Performance /
_cHairui Liu, Wei Shen, Anyi Hu, Wei Wang, Wei Li, and Peter A. Hastie.
260 _aChampaign, IL ;
_bHuman Kinetics, Inc. ,
_cJuly 2023.
300 _aVolume 42, pages 480-489 :
_billustration ;
_c29 cm.
500 _aJournal of Teaching in Physical Education, vol. 42 no. 3, pages 480-489, July 2023.
700 _aLiu, Hairui
_e author.
_969775
700 _aShen, Wei
_eauthor.
_969776
700 _aHu, Anyi
_eauthor.
_969777
700 _aWang, Wei.
_eauthor.
_953048
700 _aLi, Wei.
_eauthor.
_951379
700 _aHastie, Peter A.
_eauthor.
_959723
942 _2ddc
_cPER
999 _c24339
_d24339